[Event "Utasellato IM-B"]
[Site "Budapest"]
[Date "1990.??.??"]
[Round "5"]
[White "Somlai, Laszlo"]
[Black "Sherzer, Alex"]
[Result "0-1"]
[WhiteElo "2340"]
[BlackElo "2440"]

1.e4 c5 2.Nf3 d6 3.d4 cxd4 4.Nxd4 Nf6 5.Nc3 Nc6 6.Bg5 e6 7.Qd2 Be7 8.O-O-O O-O
9.f4 Nxd4 10.Qxd4 Qa5 11.Bc4 Bd7 12.e5 dxe5 13.fxe5 Bc6 14.Bd2 Nd7 15.Nd5 Qd8
16.Nxe7+ Qxe7 17.Rhe1 Rfc8 18.Bf1 a5 19.Kb1 b5 20.Re3 b4 21.Rg3 g6 22.Bg5 Qc5
23.Qxc5 Nxc5 24.Re3 Bd5 25.Rd4 Ra7 26.c4 bxc3 27.Rxc3 Rac7 28.g3 Nd7 29.Rxc7 Rxc7
30.Bd8 Rc8 31.Bf6 Kf8 32.Bb5 Ke8 33.Bxd7+ Kxd7 34.b3 Kc6 35.Kb2 Kc5 36.Rh4 h5
37.Be7+ Kb5 38.Bd6 Rd8 39.Rf4 Rd7 40.Kc3 Ra7 41.Kd3 Kc6 42.Rf2 g5 43.Rc2+ Kd7
44.Rf2 Ke8 45.Kd4 Ra6 46.Kc5 f5 47.Kb5 Ra7 48.Bc5 Rh7 49.Kxa5 h4 50.gxh4 Rxh4
51.Be3 f4 52.Bd2 Rh3 53.Bc1 Rc3 54.Bb2 Rc8 55.Bd4 Kf7 56.h4 Kg6 57.hxg5 Kxg5
58.Kb5 Kf5 59.Be3 f3 60.Bd4 Ke4 61.Rd2 Rd8 62.Kc5 Bb7 63.Kc4 Ba6+ 64.Kc3 Rxd4
65.Rxd4+ Ke3 66.Rd1 f2 67.Kb4 Be2 68.Ra1 Kd4 69.a4 f1=Q 70.Rxf1 Bxf1 71.Ka5 Kc5
72.b4+ Kc6 73.b5+ Kc5 74.b6 Kc6  0-1

[Event "Spring op"]
[Site "Budapest"]
[Date "1990.??.??"]
[Round "5"]
[White "Kruppa, Yuri"]
[Black "Dobos, Jozsef"]
[Result "1-0"]
[WhiteElo "2460"]
[BlackElo "2360"]

1.e4 c5 2.Nf3 d6 3.d4 cxd4 4.Nxd4 Nf6 5.Nc3 Nc6 6.Bg5 e6 7.Qd2 a6 8.O-O-O Bd7
9.f4 h6 10.Bh4 g5 11.fxg5 Ng4 12.g3 hxg5 13.Bxg5 f6 14.Nxc6 bxc6 15.Qe2 fxg5
16.Qxg4 e5 17.Qe2 g4 18.Kb1 Be6 19.Qd2 Qa5 20.Bd3 Rb8 21.Rhf1 Be7 22.b3 Kd7
23.Rf2 Qa3 24.Ka1 Qc5 25.Na4 Qd4+ 26.c3 Qa7 27.Bc4 Rbf8 28.Bxe6+ Kxe6 29.Rxf8 Rxf8
30.Qe2 Rf2 31.Qxg4+ Kf7 32.Qh5+ Kf8 33.Qh6+ Ke8 34.h4 Rg2 35.Qh5+ Kd8 36.Qh8+ Kd7
37.Qxe5 Rg1 38.Qf5+ Kc7 39.Qf3 Rxd1+ 40.Qxd1 Qe3 41.Kb2 Qxg3 42.h5 Qg2+ 43.Qc2 Qh1
44.Qe2 Bg5 45.b4 Qc1+ 46.Kb3 Be3 47.Nb2 Kb7 48.Qd1  1-0

[Event "Budapest IM-A"]
[Site "Budapest"]
[Date "1990.??.??"]
[Round "12"]
[White "Krstic, Mladen"]
[Black "Feher, Gyula"]
[Result "1/2-1/2"]
[WhiteElo "2280"]
[BlackElo "2390"]

1.e4 c5 2.Nf3 d6 3.Nc3 Nc6 4.d4 cxd4 5.Nxd4 Nf6 6.Bg5 e6 7.Qd2 Be7 8.Be2 O-O
9.O-O Nxd4 10.Qxd4 Qa5 11.Bh4 Bd7 12.Kh1 Bc6 13.f4 e5 14.fxe5 Qxe5 15.Qxe5 dxe5
16.Rf5 Rae8 17.Bxf6 Bxf6 18.Bc4 Bd8 19.Raf1 Re7 20.Nd5 Bxd5 21.Bxd5 g6 22.R5f3 Kg7
23.c4 a5 24.Rb3 b6 25.g4 Rd7 26.Rb5 Rd6 27.Kg2 h5 28.gxh5 f5 29.Rb3 f4 30.Rh3 Rh8
31.Rg1 Rxh5 32.Rxh5 gxh5 33.Kf3+ Rg6 34.Rxg6+  1/2-1/2

[Event "Cannes op"]
[Site "Cannes"]
[Date "1990.??.??"]
[Round "3"]
[White "Trassaert, Stephane"]
[Black "Bernard, Christophe"]
[Result "0-1"]
[WhiteElo "2010"]
[BlackElo "2340"]

1.e4 c5 2.Nf3 d6 3.d4 cxd4 4.Nxd4 Nf6 5.Nc3 Nc6 6.Bg5 e6 7.Ndb5 a6 8.Bxf6 gxf6
9.Nd4 Bd7 10.Qd2 b5 11.a3 Qb6 12.Nb3 Ne5 13.Qd4 Qxd4 14.Nxd4 Rc8 15.O-O-O Ng4
16.Rg1 Nxf2 17.Rd2 Bh6 18.h3 Rxc3  0-1

[Event "FRA-NLD"]
[Site "Cannes"]
[Date "1990.??.??"]
[Round "4"]
[White "Renet, Olivier"]
[Black "Piket, Jeroen"]
[Result "1-0"]
[WhiteElo "2520"]
[BlackElo "2495"]

1.e4 c5 2.Nf3 d6 3.d4 cxd4 4.Nxd4 Nf6 5.Nc3 Nc6 6.Bg5 Bd7 7.Qd2 Nxd4 8.Qxd4 Qa5
9.Bxf6 gxf6 10.O-O-O Rc8 11.Kb1 Qc5 12.Qd2 e6 13.f4 Bc6 14.Bd3 h5 15.Rhf1 b5
16.Qe2 b4 17.Nd5 f5 18.Nf6+ Ke7 19.e5 Bg7 20.Nxh5 Rxh5 21.exd6+ Qxd6 22.Ba6 Qc5
23.Bxc8 Rxh2 24.Qd3 Rh8 25.Bb7 Bb5 26.Qg3 Bf6 27.Rfe1 Bc4 28.Qe3 Qa5 29.b3 Rb8
30.bxc4 Rxb7 31.Rd5 Qc7 32.Qc5+ Ke8 33.Rxf5 Qxc5 34.Rxc5 Rd7 35.Rd5 Rc7 36.f5 Bc3
37.Re4 Re7 38.fxe6 fxe6 39.Rd1 e5 40.a3 bxa3 41.Ka2 Bb4 42.Rd5 Bc3 43.Kxa3 Rg7
44.g4 Ke7 45.Kb3 Ba1 46.c3 Kf6 47.Rdxe5 Rb7+ 48.Rb5  1-0

[Event "FRA-NLD"]
[Site "Cannes"]
[Date "1990.??.??"]
[Round "5"]
[White "Renet, Olivier"]
[Black "Sosonko, Gennadi"]
[Result "1-0"]
[WhiteElo "2520"]
[BlackElo "2525"]

1.e4 c5 2.Nf3 Nc6 3.d4 cxd4 4.Nxd4 Nf6 5.Nc3 d6 6.Bg5 e6 7.Qd2 Be7 8.O-O-O Nxd4
9.Qxd4 O-O 10.e5 dxe5 11.Qxe5 Qe8 12.Be2 Bd7 13.Qg3 Kh8 14.Rd4 Bc6 15.Rhd1 Nd5
16.Nxd5 Bxd5 17.Bxe7 Qxe7 18.Bf3 Bxf3 19.Qxf3 Rac8 20.Rd7 Qc5 21.R1d2 Rc7
22.Qa3 Qxa3 23.bxa3 Rxd7 24.Rxd7 Rb8 25.Rxf7 h5 26.Re7 Kh7 27.Rxe6 Rf8 28.f3 Rf7
29.Re4 g5 30.Ra4 b6 31.Ra6 h4 32.a4 Re7 33.a5 bxa5 34.Rxa5 Kg6 35.Rd5 a5
36.Kd2 a4 37.Rd4 a3 38.Rd3 Ra7 39.Rd5 Rb7 40.Rd3 Rb1 41.Rxa3 Rh1 42.Re3 Rxh2
43.Re2 h3 44.gxh3 Rxh3 45.Re3 Kf5 46.a4 Rh2+ 47.Kc3 Kf4 48.Rd3 Rh8 49.a5 Rc8+
50.Kb3 Rc5 51.Kb4 Rxc2 52.a6 Rb2+ 53.Rb3 Ra2 54.Kb5  1-0

[Event "Cannes op"]
[Site "Cannes"]
[Date "1990.??.??"]
[Round "5"]
[White "Trassaert, Stephane"]
[Black "Caposciutti, Maurizio"]
[Result "0-1"]
[WhiteElo "2010"]
[BlackElo "2295"]

1.e4 c5 2.Nf3 Nc6 3.d4 cxd4 4.Nxd4 Nf6 5.Nc3 d6 6.Bg5 e6 7.Qd2 Be7 8.O-O-O O-O
9.Ndb5 Qa5 10.f4 Rd8 11.g4 a6 12.Nd4 Nxd4 13.Qxd4 h6 14.Bh4 e5 15.Qg1 exf4
16.g5 hxg5 17.Bxg5 Qe5 18.Nd5 Nxd5 19.Rxd5 Qxe4 20.Bxe7 Qe1+ 21.Rd1 Qxe7
22.Kb1 Bf5 23.Bc4 Rac8 24.Bb3 Qe2 25.Rc1 Be4 26.Qf1 Qxf1 27.Rhxf1 f3 28.Rce1 d5
29.Kc1 g6 30.Kd2 Kg7 31.c3 Rh8 32.Rf2 Rh5 33.Ke3 Rch8 34.Rh1 g5 35.Bd1 Rh3
36.c4 f5 37.c5 Kf6  0-1

[Event "Catania op"]
[Site "Catania"]
[Date "1990.??.??"]
[Round "?"]
[White "Aleksic, Nenad"]
[Black "Belotti, Bruno"]
[Result "1/2-1/2"]
[WhiteElo "2415"]
[BlackElo "2415"]

1.e4 c5 2.Nf3 d6 3.d4 cxd4 4.Nxd4 Nf6 5.Nc3 Nc6 6.Bg5 e6 7.Qd3 Be7 8.O-O-O Nxd4
9.Qxd4 O-O 10.f4 Qa5 11.Bc4 Bd7 12.Rhf1 Bc6 13.Bb3 h6 14.Bh4  1/2-1/2

[Event "Cheliabinsk-A"]
[Site "Cheliabinsk"]
[Date "1990.??.??"]
[Round "?"]
[White "Timoshenko, Georgy"]
[Black "Makarov, Marat"]
[Result "1/2-1/2"]
[WhiteElo "2515"]
[BlackElo "2480"]

1.e4 c5 2.Nf3 Nc6 3.d4 cxd4 4.Nxd4 Nf6 5.Nc3 d6 6.Bg5 e6 7.Qd2 a6 8.O-O-O h6
9.Be3 Nxd4 10.Bxd4 b5 11.Qe3 Bd7 12.f4 b4 13.Ne2 e5 14.fxe5 Ng4 15.Qg3 Qg5+
16.Kb1 dxe5 17.h4 Qf6 18.Bg1 h5 19.Nc1 Be7 20.Be2 Qc6 21.Rd2 f6 22.Nd3 O-O
23.Bc5 Bxc5 24.Nxc5 Be8 25.Bc4+ Bf7 26.Bxf7+ Rxf7 27.Rd5 a5 28.Qb3 Kh7 29.a4 Rc7
30.Nd3 Qb6 31.Re1 Rac8 32.Rb5 Qd4 33.Qd5 Rxc2 34.Qxd4 exd4 35.Rxh5+ Kg8 36.Rxa5 Rxg2  1/2-1/2

[Event "Cheliabinsk-B"]
[Site "Cheliabinsk"]
[Date "1990.??.??"]
[Round "?"]
[White "Bashkov, Viacheslav"]
[Black "Sherbakov, Ruslan"]
[Result "1-0"]
[WhiteElo "2400"]
[BlackElo "2425"]

1.e4 c5 2.Nf3 d6 3.d4 cxd4 4.Nxd4 Nf6 5.Nc3 Nc6 6.Bg5 e6 7.Qd2 a6 8.O-O-O Bd7
9.f4 b5 10.Bxf6 Qxf6 11.e5 dxe5 12.Ndxb5 Qd8 13.Nd6+ Bxd6 14.Qxd6 exf4 15.Bxa6 Rxa6
16.Nb5 Ra7 17.Nxa7 Nxa7 18.Qd4 Nc6 19.Qxg7 Rf8 20.Rd2 Qc7 21.Rhd1 Ne5 22.Qxh7 f6
23.Kb1 Rf7 24.Qh4 Qc4 25.Rd4 Qe2 26.Qxf4 Qxg2 27.b3 Qf3 28.Qd2 Qb7 29.h4 Rg7
30.Qf4 Qf3 31.Qh6 Rf7 32.h5 Ke7 33.Qd2 Kf8 34.h6 Qg3 35.Qb4+ Kg8 36.Qb8+ Rf8
37.h7+  1-0

[Event "Cheliabinsk-A"]
[Site "Cheliabinsk"]
[Date "1990.??.??"]
[Round "?"]
[White "Dvoirys, Semen I"]
[Black "Makarov, Marat"]
[Result "1/2-1/2"]
[WhiteElo "2555"]
[BlackElo "2480"]

1.e4 c5 2.Nf3 Nc6 3.d4 cxd4 4.Nxd4 Nf6 5.Nc3 d6 6.Bg5 e6 7.Qd2 a6 8.O-O-O h6
9.Be3 Nxd4 10.Bxd4 b5 11.f4 Be7 12.Bd3 b4 13.Ne2 Qa5 14.Kb1 e5 15.Be3 Be6
16.b3 Ng4 17.Bg1 exf4 18.Nxf4 Ne5 19.Bd4 O-O 20.Qf2 Qc7 21.Qg3 a5 22.Rhf1 Kh8
23.Nxe6 fxe6 24.Bc4 Bf6 25.Bxe6 Qe7 26.Bd5 Rac8 27.Bb2 Nd7 28.Bxf6 Rxf6 29.Qe3 Rxf1
30.Rxf1 Nf6 31.Qd4 Qc7 32.Bc4 Qc5 33.Qxc5 Rxc5  1/2-1/2

[Event "USA Masters"]
[Site "Chicago"]
[Date "1990.??.??"]
[Round "3"]
[White "Formanek, Edward W"]
[Black "Shirazi, Kamran G"]
[Result "0-1"]
[WhiteElo "2315"]
[BlackElo "2420"]

1.e4 c5 2.Nf3 Nc6 3.d4 cxd4 4.Nxd4 Nf6 5.Nc3 d6 6.Bg5 e6 7.Qd2 a6 8.O-O-O Bd7
9.f3 Qc7 10.Be2 Be7 11.Rhe1 O-O 12.Kb1 Rac8 13.Nb3 Rfd8 14.Bf1 Be8 15.Qf2 b5
16.Be3 Nd7 17.f4 Na5 18.Nxa5 Qxa5 19.Ne2 Nc5 20.Bxc5 dxc5 21.g4 Rd2 22.Qe3 Rcd8
23.Rxd2 Rxd2 24.Rc1 Qd8 25.e5 Bc6 26.g5 Rd1 27.Nc3 Rd2 28.Bd3 Rxh2 29.Qg3 Rh5
30.Be4 Bxe4 31.Nxe4 g6 32.b3 h6 33.Qf3 c4 34.Rd1 Qc8 35.Nf6+ Bxf6 36.gxf6 Kh7
37.Rd6 Rh2 38.b4 a5 39.a3 axb4 40.axb4 c3 41.Qe4 Rf2 42.Rb6 Qd7 43.Qd3 Qa7
44.Rc6 Rg2  0-1

[Event "USA Masters"]
[Site "Chicago"]
[Date "1990.??.??"]
[Round "6"]
[White "Kudrin, Sergey"]
[Black "Dlugy, Maxim"]
[Result "0-1"]
[WhiteElo "2565"]
[BlackElo "2525"]

1.e4 c5 2.Nf3 d6 3.d4 cxd4 4.Nxd4 Nf6 5.Nc3 Nc6 6.Bg5 e6 7.Qd2 a6 8.Be2 Bd7
9.a4 Be7 10.O-O O-O 11.Nb3 Qc7 12.Rfd1 Kh8 13.Kh1 Rad8 14.Be3 Ne5 15.f3 Nc4
16.Bxc4 Qxc4 17.Bb6 Rc8 18.Qf2 e5 19.a5 Bc6 20.Qd2 Qe6 21.Be3 h6 22.Nc1 d5
23.exd5 Nxd5 24.Nxd5 Bxd5 25.Ne2 Rcd8 26.Bb6 Rd6 27.Qc1 Bg5 28.Qb1 e4 29.f4 Bf6
30.Be3 Bc4 31.Rxd6 Qxd6 32.Ng3 Qd5 33.c3 Bd3 34.Qd1 Qb5 35.Nh5 Be2 36.c4 Qxh5  0-1

[Event "Copenhagen op"]
[Site "Copenhagen"]
[Date "1990.??.??"]
[Round "3"]
[White "Bjerring, Kai"]
[Black "Plachetka, Jan"]
[Result "0-1"]
[WhiteElo "2310"]
[BlackElo "2425"]

1.e4 c5 2.Nf3 Nc6 3.d4 cxd4 4.Nxd4 Nf6 5.Nc3 d6 6.Bg5 Qb6 7.Nb3 e6 8.Bd3 Be7
9.O-O O-O 10.Be3 Qc7 11.f4 a6 12.Qf3 b5 13.g4 Bb7 14.g5 Nd7 15.Qh3 Nb4 16.Rac1 Nc5
17.f5 exf5 18.exf5 Nbxd3 19.cxd3 Qd7 20.Rcd1 Nxb3 21.axb3 Rfe8 22.Qg3 Bf8
23.b4 d5 24.Bd4 Bxb4 25.g6 f6 26.gxh7+ Kh8 27.Qg6 Bd6 28.Rf2 Rac8 29.Ne2 Rc2
30.Qh5 Rec8 31.Re1 Qe8 32.Qg4 R8c7 33.Ref1 Kxh7 34.Nf4 Bxf4 35.Rxf4 Rd2 36.Qh3+ Kg8
37.Rh4 Qe2 38.Bxf6 d4 39.Rg4 Rxd3 40.Qh6  0-1

[Event "Copenhagen K41"]
[Site "Copenhagen"]
[Date "1990.??.??"]
[Round "5"]
[White "Kristiansen, Jens"]
[Black "Bjerring, Kai"]
[Result "1-0"]
[WhiteElo "2445"]
[BlackElo "2310"]

1.e4 c5 2.Nf3 d6 3.d4 cxd4 4.Nxd4 Nf6 5.Nc3 Nc6 6.Bg5 e6 7.Qd2 a6 8.O-O-O Bd7
9.f4 Be7 10.Nf3 b5 11.Bxf6 gxf6 12.f5 Qa5 13.Kb1 b4 14.Ne2 Qc5 15.Nf4 a5
16.fxe6 fxe6 17.g3 Rb8 18.Bh3 Ne5 19.Nd4 Nc4 20.Qe2 Na3+ 21.Kc1 Nb5 22.Ndxe6  1-0

[Event "Copenhagen op"]
[Site "Copenhagen"]
[Date "1990.??.??"]
[Round "8"]
[White "Conquest, Stuart"]
[Black "Mednis, Edmar John"]
[Result "0-1"]
[WhiteElo "2465"]
[BlackElo "2440"]

1.e4 c5 2.Nf3 Nc6 3.d4 cxd4 4.Nxd4 Nf6 5.Nc3 d6 6.Bg5 e6 7.Qd2 a6 8.O-O-O Bd7
9.f4 b5 10.Bxf6 gxf6 11.Nxc6 Bxc6 12.Bd3 Qb6 13.Kb1 b4 14.Ne2 h5 15.Rhf1 a5
16.c3 Rb8 17.Nd4 Bd7 18.Be2 bxc3 19.Qxc3 Qb4 20.Qc2 Rc8 21.Qd3 Rb8 22.Rd2 Bg7
23.Rc1 Qb6 24.Bf3 O-O 25.g4 h4 26.Bd1 Rfc8 27.Rxc8+ Bxc8 28.a3 Bh6 29.g5 fxg5
30.fxg5 Bxg5 31.Rg2 Kf8 32.Nf3 Bf6 33.Qd2 Ke7 34.Ng5 Qd4 35.Qc1 Bd7 36.Ka2 Rc8
37.Qf4 Rb8  0-1

[Event "Dieren op"]
[Site "Dieren"]
[Date "1990.??.??"]
[Round "8"]
[White "Mazi, Leon"]
[Black "Carlier, Bruno"]
[Result "1-0"]
[WhiteElo "2295"]
[BlackElo "2390"]

1.e4 c5 2.Nf3 Nc6 3.d4 cxd4 4.Nxd4 Nf6 5.Nc3 d6 6.Bg5 Qb6 7.Nb3 e6 8.Bxf6 gxf6
9.Be2 Rg8 10.O-O a6 11.Kh1 Bd7 12.Bh5 Rg7 13.f4 O-O-O 14.Ne2 Be7 15.c4 Rdg8
16.Bf3 Na5 17.Nxa5 Qxa5 18.a3 f5 19.b4 Qb6 20.exf5 Bc6 21.fxe6 Rxg2 22.exf7 R8g6
23.Ng3 Rb2 24.Rb1 Ra2 25.Qb3 Rd2 26.Qc3 Qd4 27.Qxd4 Rxd4 28.Nf5  1-0

[Event "Dresden (Women)"]
[Site "Dresden"]
[Date "1990.??.??"]
[Round "?"]
[White "Lauterbach, Ingrid"]
[Black "Eretova, Kveta"]
[Result "0-1"]
[WhiteElo "2130"]
[BlackElo "2135"]

1.e4 c5 2.Nf3 d6 3.d4 cxd4 4.Nxd4 Nf6 5.Nc3 Nc6 6.Bg5 e6 7.Qd2 a6 8.O-O-O Bd7
9.Be2 b5 10.Nxc6 Bxc6 11.Qe3 Be7 12.e5 Nd5 13.Nxd5 Bxd5 14.Bxe7 Qxe7 15.exd6 Qxd6
16.Rxd5 Qxd5 17.Bf3 Qxa2 18.Qc5 f6 19.Bxa8 Kf7 20.Qc7+ Kg6 21.Be4+ f5 22.Bxf5+ exf5
23.Qd6+ Kh5 24.Re1 Qa1+ 25.Kd2 Qa5+ 26.b4 Qd8 27.Re6 Qg5+ 28.f4 Qxg2+ 29.Re2 Qf3
30.Qd4 Rc8 31.Rf2 Rd8 32.Qxd8 Qxf2+ 33.Kc3 Qxf4 34.Qg8 Qe3+ 35.Kb2 Qe5+ 36.Kb3 h6
37.Qf7+ g6 38.Qb7 Qe4 39.Qc8 Qd5+ 40.Kc3 Qe5+ 41.Kb3 Qxh2 42.Qxa6 Qe2 43.Qc6 f4
44.Qh1+ Kg5 45.Qg1+ Kf5 46.Qc5+ Qe5 47.Qf8+ Kg5 48.Qd8+ Kg4 49.Qd7+ Kh4 50.Qf7 g5
51.Qf8 h5 52.c3 g4 53.Qd8+ Kh3 54.Qd3+ g3 55.Qd7+ Kh2 56.Qd8 f3 57.Qd3 f2
58.Qf3 Kg1  0-1

[Event "ESP-chT"]
[Site "?"]
[Date "1990.??.??"]
[Round "?"]
[White "Solana Suarez, Ernesto"]
[Black "Corral Blanco, Juan A"]
[Result "0-1"]
[WhiteElo "2285"]
[BlackElo "2360"]

1.e4 c5 2.Nf3 Nc6 3.d4 cxd4 4.Nxd4 Nf6 5.Nc3 d6 6.Bg5 Qa5 7.Bxf6 gxf6 8.Nb3 Qg5
9.Nd5 Rb8 10.f4 Qg6 11.Qf3 f5 12.Bd3 fxe4 13.Bxe4 f5 14.Bd3 Bg7 15.c3 O-O
16.O-O e5 17.Bc2 Kh8 18.Rad1 b5 19.a3 Bh6 20.Qh3 Be6 21.fxe5 dxe5 22.Nc5 Bc8
23.b4 Qg5 24.Kh1 Bg7 25.Rf2 e4 26.Nf4 Re8 27.Qe3 Ne5 28.Bb3 Ng4 29.Qg3 Nxf2+
30.Qxf2 Rb6 31.Nd5 Rh6 32.Nc7 e3 33.Qf3 Qh4 34.h3 e2 35.Nxe8 e1=Q+  0-1

[Event "FIN-chT"]
[Site "?"]
[Date "1990.??.??"]
[Round "?"]
[White "Kujala, Auvo"]
[Black "Ojanen, Kaarle Sakari"]
[Result "1/2-1/2"]
[WhiteElo "2285"]
[BlackElo "2340"]

1.e4 c5 2.Nf3 Nc6 3.d4 cxd4 4.Nxd4 Nf6 5.Nc3 d6 6.Bg5 e6 7.Qd2 Be7 8.O-O-O O-O
9.f4 Qb6 10.Nf3 Rd8 11.Bd3 Bd7 12.Rhe1 Be8 13.e5  1/2-1/2

[Event "Frankfurt"]
[Site "Frankfurt"]
[Date "1990.??.??"]
[Round "?"]
[White "Ostojic, Predrag"]
[Black "Barbero, Gerardo F"]
[Result "1/2-1/2"]
[WhiteElo "2355"]
[BlackElo "2450"]

1.e4 c5 2.Nf3 d6 3.d4 cxd4 4.Nxd4 Nf6 5.Nc3 Nc6 6.Bg5 e6 7.Qd2 a6 8.O-O-O Bd7
9.Kb1 b5 10.Nxc6 Bxc6 11.Qe1 Qc7 12.Nd5 Nxd5 13.exd5 Bd7 14.dxe6 Bxe6 15.f4 Be7
16.Bxe7 Qxe7 17.Bd3 g6 18.f5 gxf5 19.Qg3 O-O-O 20.a4 Qb7 21.axb5 axb5 22.Qf2 Rhg8
23.g3 Qa6 24.b3 Kc7 25.Qd4 Ra8 26.Rhf1 Qa2+ 27.Kc1 Qa1+ 28.Qxa1 Rxa1+ 29.Kd2 Rxd1+
30.Kxd1 Rg5 31.Rf4 Rh5 32.h4 Kb6 33.Ke2 Bd7 34.b4 Kc6 35.Ke3 Kd5 36.c4+ bxc4
37.Bxc4+ Ke5 38.Rd4 Bc6 39.b5 Bb7 40.b6 Rh6 41.Bxf7 d5 42.Rb4 Rc6 43.Kd2 Rf6
44.Bh5 Kd6 45.Be2 Rg6 46.Rb3 Kc5 47.h5 Rg7 48.Ke1 h6 49.Kf2 Re7 50.Bd3 Re5
51.Kf3 d4+ 52.Kf4 Re3 53.Bc2 Rxb3 54.Bxb3 Kxb6 55.Kxf5 d3 56.Bd1 Kc5 57.Kg6 Kd4
58.Kxh6 Ke3 59.Kg5 Bf3 60.h6 Bxd1 61.h7 Be2 62.h8=Q d2 63.Qe5+ Kd3 64.Qb5+ Ke3
65.Qe5+  1/2-1/2

[Event "Troll Masters"]
[Site "Gausdal"]
[Date "1990.??.??"]
[Round "5"]
[White "Ernst, Thomas"]
[Black "Carlier, Bruno"]
[Result "1/2-1/2"]
[WhiteElo "2440"]
[BlackElo "2385"]

1.e4 c5 2.Nf3 Nc6 3.d4 cxd4 4.Nxd4 Nf6 5.Nc3 d6 6.Bg5 e6 7.Qd2 h6 8.Bxf6 gxf6
9.O-O-O a6 10.f4 Bd7 11.Be2 h5 12.Kb1 Qb6 13.Nb3 O-O-O 14.Rhf1 Be7 15.Rf3 Kb8
16.Rh3 h4 17.Qe1 Rhg8 18.Bf3 Rc8 19.Rxh4 f5 20.Rh7 fxe4 21.Bxe4 Be8 22.Rh3 Na5
23.f5 Nxb3 24.axb3 Bf6 25.fxe6 fxe6 26.Bh7 Rxg2 27.Qxe6 Be5 28.Bf5 Rd8 29.Nd5 Qf2
30.Qe7 Rc8 31.Rh7 Bc6 32.Nb4 Qb6 33.Bxc8 Qxb4 34.Qc7+ Ka8 35.Bf5 Rxh2 36.Rf7 Bf3
37.Rf1 Qd4 38.Qc3 Qxc3 39.bxc3 Bg2 40.Rd1 Bxc3 41.Bd3 Bc6 42.Bxa6 Rh5 43.b4 Rh4
44.Rxd6 Rxb4+ 45.Ka2 Rb2+ 46.Ka3 Rxc2 47.Kb3 Rc1 48.Bxb7+ Bxb7 49.Rd8+ Ka7
50.Rdd7 Ka6 51.Rd6+ Ka7 52.Rc6 Bd2  1/2-1/2

[Event "Peer Gynt"]
[Site "Gausdal"]
[Date "1990.??.??"]
[Round "8"]
[White "Stein, Bernd"]
[Black "Winsnes, Rikard"]
[Result "1/2-1/2"]
[WhiteElo "2380"]
[BlackElo "2355"]

1.Nf3 c5 2.e4 d6 3.Nc3 Nc6 4.d4 cxd4 5.Nxd4 Nf6 6.Bg5 e6 7.Qd2 Be7 8.O-O-O O-O
9.Nb3 Qb6 10.f3 Rd8 11.Be3  1/2-1/2

[Event "Geneve"]
[Site "Geneve"]
[Date "1990.??.??"]
[Round "1"]
[White "Rogers, Ian"]
[Black "Kotronias, Vasilios"]
[Result "1/2-1/2"]
[WhiteElo "2535"]
[BlackElo "2510"]

1.e4 c5 2.Nf3 d6 3.d4 cxd4 4.Nxd4 Nf6 5.Nc3 Nc6 6.Bg5 e6 7.Qd2 Be7 8.O-O-O O-O
9.Nb3 a6 10.Bxf6 gxf6 11.Qh6 Kh8 12.Qh5 Qe8 13.Bd3 Ne5 14.f4 Nxd3+ 15.Rxd3 Rg8
16.Rh3 Rg7 17.Rf1 Bd7 18.f5 Qg8 19.Rf2 Rg4 20.Kb1 Rc8 21.a3 Qg7 22.Nd1 Rg8
23.Nd2  1/2-1/2

[Event "BL2-W8990"]
[Site "Germany"]
[Date "1990.??.??"]
[Round "?"]
[White "Morawietz, Dieter"]
[Black "Hermesmann, Hans"]
[Result "1/2-1/2"]
[WhiteElo "2295"]
[BlackElo "2245"]

1.e4 c5 2.Nf3 d6 3.d4 cxd4 4.Nxd4 Nf6 5.Nc3 Nc6 6.Bg5 a6 7.Bxf6 gxf6 8.Be2 e6
9.O-O Qb6 10.Nb3 Ne5 11.a4 Bd7 12.a5 Qc7 13.Nd2 Bh6 14.Ra3 Ke7 15.Re1 Rhg8
16.Nf1 Rad8 17.Ng3 Qc5 18.b4 Qa7 19.Bh5 Rc8 20.Nf5+ exf5 21.Nd5+ Kd8 22.Nxf6 Kc7
23.Nxd7 Kxd7 24.Qe2 f4 25.Rd1 Rc4 26.Bxf7 f3 27.Rxf3 Rxc2 28.Qxc2 Nxf3+ 29.Kh1 Rf8
30.gxf3 Rxf7 31.e5 Bf8 32.Qe4 Kd8 33.e6 Rg7 34.Qh4+ Ke8 35.Rc1 Qb8 36.Qh5+ Kd8
37.Qd5 Be7 38.f4 Ke8 39.Qh5+ Kf8 40.f5 b5 41.axb6 Qb7+ 42.f3 Qxb6 43.Qh6 Qd8
44.Rc6 Bg5 45.Qh5 Be3 46.h3 d5 47.f4 Bd4 48.Qh6 Kg8 49.f6 Bxf6 50.e7 Qxe7
51.Rc8+ Kf7 52.Qh5+ Rg6 53.Qxh7+ Rg7 54.Qh5+ Rg6 55.Qh7+ Rg7 56.Qh5+ Rg6  1/2-1/2

[Event "SWE-ch"]
[Site "Gothenburg"]
[Date "1990.??.??"]
[Round "?"]
[White "Ernst, Thomas"]
[Black "Wessman, Richard"]
[Result "1/2-1/2"]
[WhiteElo "2440"]
[BlackElo "2505"]

1.e4 c5 2.Nf3 Nc6 3.d4 cxd4 4.Nxd4 Nf6 5.Nc3 d6 6.Bg5 e6 7.Qd2 Be7 8.O-O-O O-O
9.f4 Nxd4 10.Qxd4 Qa5 11.Bc4 Bd7 12.e5 dxe5 13.fxe5 Bc6 14.Bd2 Nd7 15.Nd5 Qd8
16.Nxe7+ Qxe7 17.Rhe1 Nb6 18.Bf1 Rfd8 19.Qg4 Qc5 20.Qb4 Qf2 21.Qf4 Qxf4 22.Bxf4 Rdc8
23.b3 Nd5 24.Bd2 b5 25.Kb2 a5 26.a3 h6 27.Bd3 Rc7 28.Re2 b4 29.Ra1 Nc3 30.Re3 Rac8
31.axb4 axb4 32.Ba6 Bb7 33.Bxb7 Rxb7 34.Bxc3 Rbc7  1/2-1/2

[Event "SWE-ch"]
[Site "Gothenburg"]
[Date "1990.??.??"]
[Round "?"]
[White "Svensson, Bengt"]
[Black "Wessman, Richard"]
[Result "0-1"]
[WhiteElo "2405"]
[BlackElo "2505"]

1.e4 c5 2.Nf3 Nc6 3.d4 cxd4 4.Nxd4 Nf6 5.Nc3 d6 6.Bg5 e6 7.Qd2 Be7 8.O-O-O O-O
9.f4 Nxd4 10.Qxd4 Qa5 11.Bc4 Bd7 12.e5 dxe5 13.fxe5 Bc6 14.Bd2 Nd7 15.Nd5 Qd8
16.Nxe7+ Qxe7 17.Rhe1 Rfd8 18.Qg4 Nf8 19.Bd3 Rxd3 20.cxd3 Qd7 21.Bb4 Qd5
22.Bxf8 Rxf8 23.Kb1 Qxg2 24.Qf4 Qf3 25.Rf1 Qxf4 26.Rxf4 Rd8 27.d4 Rd7 28.b3 h6
29.Kb2 g5 30.Rf2 Kg7 31.Kc3 Be4 32.Re1 Bf5 33.Rd1 Kg6 34.Rdf1 h5 35.Rg1 g4
36.Re2 h4 37.Reg2 Kh5 38.Rf2 Kg5 39.Re2 Rc7+ 40.Kb2 b5 41.a3 a5 42.Rd1 Rd7
43.Kc3 Rd8 44.a4 Rc8+ 45.Kb2 bxa4 46.bxa4 g3 47.hxg3 hxg3 48.Rg2 Kh4 49.Rdg1 Rg8
50.Kc3 Be4 51.Re2 Bd5 52.Kd3 Kh3 53.Ke3 g2 54.Kf2 Kh2 55.Rb2  0-1

[Event "Groningen"]
[Site "Groningen"]
[Date "1990.??.??"]
[Round "?"]
[White "Adams, Michael"]
[Black "Shirov, Alexei"]
[Result "1/2-1/2"]
[WhiteElo "2590"]
[BlackElo "2580"]

1.e4 c5 2.Nf3 d6 3.d4 cxd4 4.Nxd4 Nf6 5.Nc3 Nc6 6.Bg5 e6 7.Qd2 a6 8.O-O-O h6
9.Be3 Be7 10.f4 Bd7 11.h3 b5 12.Bd3 Nxd4 13.Bxd4 b4 14.Ne2 e5 15.Be3 Qa5
16.Kb1 O-O 17.g4 Rfd8 18.fxe5 dxe5 19.Ng3 Be6 20.b3 Ne8 21.a4 Nd6 22.Qf2 Qc7
23.Nf5 Bxf5 24.gxf5 Qc6 25.Rdg1 Nb5 26.axb5 axb5 27.Bc1 Qa6 28.Bb2 Rxd3 29.cxd3 Qa2+
30.Kc1 Rc8+ 31.Qc2 Rxc2+ 32.Kxc2 Qa7 33.Kb1 Bc5 34.Rg3  1/2-1/2

[Event "Groningen"]
[Site "Groningen"]
[Date "1990.??.??"]
[Round "?"]
[White "Arnason, Jon L"]
[Black "Shirov, Alexei"]
[Result "1/2-1/2"]
[WhiteElo "2540"]
[BlackElo "2580"]

1.e4 c5 2.Nf3 d6 3.d4 cxd4 4.Nxd4 Nf6 5.Nc3 Nc6 6.Bg5 e6 7.Qd2 a6 8.O-O-O h6
9.Be3 Be7 10.f3 Qc7 11.h4 b5 12.Nxc6 Qxc6 13.Bd3 Bb7 14.g4 Nd7 15.Kb1 Ne5
16.Qg2 Rc8 17.Ne2 Nxd3 18.Nd4 Nxb2 19.Nxc6 Nxd1 20.Rxd1 Rxc6 21.g5 h5 22.Bd4 e5
23.Bb2 O-O 24.Rd3 f5 25.gxf6 Rxf6 26.Rc3 Kf7 27.Rxc6 Bxc6 28.Bc1 g6 29.Bg5 Re6
30.Qf2 d5 31.Bxe7 Rxe7 32.f4 exf4 33.Qxf4+ Ke6 34.e5 Rf7 35.Qg5 Rf1+ 36.Kb2 Be8
37.Qd8 Bd7 38.Qc7 Rf7 39.Qd6+ Kf5 40.Qxd5 Be6 41.Qd6 Rd7 42.Qxa6 Rd5 43.Qb7 Kxe5
44.Qe7 Rd7 45.Qe8 Kf5 46.Qf8+ Kg4 47.Qb4+ Kh3 48.Qxb5 Kxh4 49.a4 Bf5 50.a5 Kg3
51.a6 h4 52.Qe5+ Kf3 53.Qc3+ Kg2 54.Qc6+ Kg3 55.Qc3+ Kg2 56.Qc6+ Kg3 57.Qc3+ Kg2  1/2-1/2

[Event "HUN-chop"]
[Site "Gyor"]
[Date "1990.??.??"]
[Round "9"]
[White "Zezulkin, Jurij"]
[Black "Kiselev, Sergey"]
[Result "1-0"]
[WhiteElo "2360"]
[BlackElo "2440"]

1.e4 c5 2.Nf3 Nc6 3.d4 cxd4 4.Nxd4 Nf6 5.Nc3 d6 6.Bg5 e6 7.Qd2 a6 8.O-O-O h6
9.Be3 Be7 10.f4 Nxd4 11.Bxd4 b5 12.Bd3 Qa5 13.Kb1 b4 14.e5 dxe5 15.fxe5 Nd7
16.Ne4 Bb7 17.Rhf1 Bxe4 18.Bxe4 Rc8 19.Qe2 Nc5 20.Bc6+ Rxc6 21.Qf3 O-O 22.Qxc6 Na4
23.Rd3 Rd8 24.Qb7 Re8 25.Qd7 Qb5 26.Qxb5 axb5 27.b3 Nc5 28.Bxc5 Bxc5 29.Rd7 Rf8
30.Rfd1 Kh7 31.Rb7 Kg6 32.Rxb5 Rc8 33.Rd7 Bf8 34.Rbb7 f6 35.exf6 gxf6 36.Rbc7 Re8
37.c3 bxc3 38.Rxc3 e5 39.Rdc7 Bb4 40.Rg3+ Kf5 41.Rf3+ Kg6 42.Rc6 Rf8 43.Re6 h5
44.h4 Ba3 45.Kc2 Rf7 46.Kd3 Rd7+ 47.Kc4 Be7 48.a3 Bd8 49.Rd3 Rc7+ 50.Kb5 Kf7
51.Rc6 Rb7+ 52.Ka6  1-0

[Event "Hastings Challengers9091"]
[Site "Hastings"]
[Date "1990.??.??"]
[Round "?"]
[White "Mack, Andrew"]
[Black "Sher, Miron N"]
[Result "1/2-1/2"]
[WhiteElo "2270"]
[BlackElo "2485"]

1.e4 c5 2.Nf3 d6 3.d4 cxd4 4.Nxd4 Nf6 5.Nc3 Nc6 6.Bg5 e6 7.Qd2 a6 8.O-O-O h6
9.Be3 Be7 10.f4 Nxd4 11.Bxd4 b5 12.Bd3 Bb7 13.Qe3 O-O 14.Kb1 Qc7 15.Rhe1 Rac8
16.h3 e5 17.fxe5 dxe5 18.Bb6 Qb8 19.Nd5 Nxd5 20.exd5 Bxd5 21.Qxe5 Qxe5 22.Rxe5 Be6  1/2-1/2

[Event "Hastings Challengers9091"]
[Site "Hastings"]
[Date "1990.??.??"]
[Round "?"]
[White "Martin, Andrew D"]
[Black "Sher, Miron N"]
[Result "0-1"]
[WhiteElo "2415"]
[BlackElo "2485"]

1.e4 c5 2.Nf3 d6 3.d4 cxd4 4.Nxd4 Nf6 5.Nc3 Nc6 6.Bg5 e6 7.Qd2 a6 8.O-O-O h6
9.Bf4 Bd7 10.Nxc6 Bxc6 11.f3 d5 12.Qe1 Bb4 13.a3 Ba5 14.b4 Bb6 15.exd5 Bxd5
16.Nxd5 Nxd5 17.Qg3 O-O 18.c4 Qc8 19.Bd6 Rd8 20.Bd3 a5 21.Be5 f6 22.Ba1 axb4
23.Qg6 Nf4 24.Qh7+ Kf7 25.Bc2 Qxc4 26.Rxd8 Rxd8  0-1